[Event "Nereto op"]
[Site "Nareto"]
[Date "1999.??.??"]
[Round "7"]
[White "Efimov, Igor"]
[Black "Ciolac, Gheorghe"]
[Result "1-0"]
[WhiteElo "2494"]
[BlackElo "2389"]

1.d4 Nf6 2.c4 e6 3.Nf3 d5 4.Nc3 Be7 5.Bf4 O-O 6.e3 c5 7.dxc5 Bxc5 8.a3 Nc6
9.Qc2 Qa5 10.O-O-O Be7 11.Kb1 dxc4 12.Bxc4 a6 13.Bd3 h6 14.h4 Bd7 15.g4 Rfc8
16.g5 Nd5 17.Nxd5 exd5 18.gxh6 Nd4 19.Bh7+ Kf8 20.hxg7+ Kxg7 21.Rhg1+ Kh8
22.Be5+ f6 23.Bxd4 Rxc2 24.Bxc2 Ba4 25.b3 Be8 26.Ne5 Rc8 27.Ng6+ Bxg6 28.Rxg6 Rg8
29.Rxf6 Rg7  1-0

[Event "Fan Adams Int"]
[Site "New York "]
[Date "1999.??.??"]
[Round "4"]
[White "Lapshun, Yurij"]
[Black "Morrison, William"]
[Result "1/2-1/2"]
[WhiteElo "2455"]
[BlackElo "2365"]

1.d4 Nf6 2.Nf3 e6 3.c4 d5 4.Nc3 Be7 5.Bf4 O-O 6.e3 b6 7.Rc1 Bb7 8.cxd5 exd5
9.Be2 c5 10.dxc5 bxc5 11.O-O Nc6 12.Ne5 Nxe5 13.Bxe5 Bd6 14.Bxf6 Qxf6 15.Bf3 Rfd8
16.Qc2 Rab8 17.b3 Qh6 18.g3 d4 19.Bxb7 Rxb7 20.exd4 cxd4 21.Ne2 Bf8 22.Qd3 Rbd7
23.Rc4 Qa6 24.Rd1 g6 25.Rd2 Bh6 26.Rdc2 Bg7 27.R4c3 Qb7 28.Rc6 Re8 29.R2c4 h5
30.h4 Qb5 31.Rc8 Rdd8 32.Rxd8 Rxd8 33.Nf4 Qb7 34.Qe2 Kf8 35.Qc2 Kg8 36.Rc7 Qa6
37.Nd3 Re8 38.Qc4 Qxc4 39.bxc4 Re2 40.Rxa7 Rd2 41.Ra8+ Bf8 42.Ne5 Kg7 43.Ra7 Kf6
44.Nd7+ Kg7 45.Nxf8 Kxf8 46.Rd7 Rxa2 47.Rxd4 Ke7 48.Kg2 Rc2 49.Kf3 Ke6 50.Ke3 f5
51.f3 Ke5 52.Rd5+ Ke6 53.Rc5 Kd6 54.Rc8 Ke5 55.Re8+ Kf6 56.Rc8 Ke5 57.f4+ Ke6
58.Kd4 Rd2+ 59.Kc3 Rg2 60.Rc6+ Kf7 61.Rd6 Rxg3+ 62.Rd3 Rg1 63.c5 Ke7 64.Kc4 Rc1+
65.Kb5 Rb1+ 66.Kc4 Rc1+ 67.Kd5 Rf1 68.Rd4 Kd7 69.Ra4 Rd1+ 70.Ke5 Rg1 71.Ra6 Kc7
72.Kd5 Rd1+ 73.Ke5 Rg1 74.Rf6 Re1+ 75.Kd5 Rd1+ 76.Kc4 Rc1+ 77.Kd4 Rd1+ 78.Ke3 Rg1
79.Kf2 Rg4 80.Kf3 Rg1 81.Ra6 Kb7 82.Re6 Kc7 83.Rf6 Kd7 84.Ra6 Kc7  1/2-1/2

[Event "South Wales 3rd"]
[Site "Newport"]
[Date "1999.??.??"]
[Round "8"]
[White "Crouch, Colin S"]
[Black "Cobb, James"]
[Result "0-1"]
[WhiteElo "2420"]
[BlackElo "2345"]

1.d4 Nf6 2.c4 e6 3.Nf3 d5 4.Nc3 Be7 5.Bf4 O-O 6.e3 Nbd7 7.Qc2 a6 8.cxd5 exd5
9.O-O-O b5 10.g4 b4 11.Na4 c5 12.dxc5 Nxc5 13.h3 Nxa4 14.Qxa4 Bd7 15.Qb3 Qa5
16.g5 Ba4 17.Qd3 Rac8+  0-1

[Event "Rowy op"]
[Site "Rowy"]
[Date "1999.??.??"]
[Round "5"]
[White "Gofshtein, Leonid D"]
[Black "Kolesnik, Eduard"]
[Result "1-0"]
[WhiteElo "2517"]
[BlackElo "2330"]

1.d4 d5 2.c4 e6 3.Nf3 Nf6 4.Nc3 Be7 5.Bf4 O-O 6.e3 b6 7.Bd3 Bb7 8.cxd5 exd5
9.Ne5 c5 10.Qf3 Nc6 11.O-O Nb4 12.Bb1 Qc8 13.Bg5 h6 14.Bf5 Qd8 15.Bxf6 Bxf6
16.Nd7 cxd4 17.exd4 Re8 18.a3 Nc6 19.Nxd5 Bxd4 20.Rad1 Bxb2 21.Bb1 Re6 22.Nf4 Re7
23.Qd3 g6 24.Nxg6 fxg6 25.Qxg6+ Rg7 26.Qe6+ Rf7 27.Ba2 Qe7 28.Qg6+ Bg7 29.Rfe1 Qg5
30.Qxf7+ Kh8 31.Re8+  1-0

[Event "Santiago op"]
[Site "Santiago"]
[Date "1999.??.??"]
[Round "6"]
[White "Carmona, Jose Luis"]
[Black "Araya, Ricardo"]
[Result "0-1"]
[WhiteElo "2188"]
[BlackElo "2300"]

1.c4 e6 2.Nc3 d5 3.d4 Be7 4.Nf3 Nf6 5.Bf4 O-O 6.e3 c5 7.Bd3 cxd4 8.exd4 Nc6
9.O-O Nb4 10.Be2 dxc4 11.Bxc4 b6 12.Qe2 Bb7 13.Rfd1 Rc8 14.Rac1 Bxf3 15.gxf3 Nfd5
16.Nxd5 Nxd5 17.Bg3 Bg5 18.Ra1 Nf4 19.Bxf4 Bxf4 20.Bb3 Qh4 21.Qe4 g6 22.Kf1 Kg7
23.Ke2 f5 24.Qd3 Rce8 25.Rf1 Re7 26.Rae1 Qf6 27.Rg1 Rd8 28.Rd1 Red7 29.Qc4 Rxd4
30.Rxd4 Rxd4 31.Qxe6 Rd2+ 32.Kf1 Rd1+  0-1

[Event "Staufer-Open 11th"]
[Site "Schwaebisch Gmuend"]
[Date "1999.??.??"]
[Round "8"]
[White "Schwalbe, Gerhard"]
[Black "Gheng, Josef"]
[Result "0-1"]
[WhiteElo "2145"]
[BlackElo "2360"]

1.d4 d5 2.Nf3 e6 3.c4 Nf6 4.Nc3 Be7 5.Bf4 O-O 6.e3 c5 7.dxc5 Bxc5 8.cxd5 Nxd5
9.Nxd5 exd5 10.a3 Nc6 11.Bd3 Be7 12.h3 Bf6 13.Qc2 Qa5+ 14.Ke2 g6 15.Rhd1 Qb6
16.Rab1 Be6 17.Ng5 Rac8 18.Qd2 Bd7 19.Kf1 Rfd8 20.b4 h6 21.Nf3 Bg7 22.Rbc1 Be6
23.Qe2 Re8 24.Bb1 d4 25.b5 Na5 26.Rxc8 Rxc8 27.Nxd4 Bc4 28.Bd3 Bxd4 29.Bxc4 Nxc4
30.exd4 g5 31.Qg4 Rd8 32.Bc1 Qxb5 33.Kg1 Qd5 34.h4 f6 35.Qh5 Kg7 36.f4 gxf4
37.Qg4+ Kf7 38.Qxf4 h5 39.Qc7+ Kg6 40.Rd3 Ne5 41.Rd2 Ng4 42.Qc2+ Kg7 43.Qc7+ Rd7
44.Qg3 Re7 45.Rd1 b5 46.Qf3 Qc4 47.Bf4 Re2 48.Qb7+ Kg6 49.Qa8 Qxd4+  0-1

[Event "Sportland-NRW-Cup"]
[Site "Senden"]
[Date "1999.??.??"]
[Round "5"]
[White "Richter, Michael"]
[Black "Fish, Gannadij"]
[Result "1/2-1/2"]
[WhiteElo "2410"]
[BlackElo "2485"]

1.d4 Nf6 2.c4 e6 3.Nf3 d5 4.Nc3 Be7 5.Bf4 O-O 6.e3 b6 7.Bd3 Bb7 8.cxd5 exd5
9.Qc2 c5 10.Ne5 Na6 11.a3 Nc7 12.Bf5 Ne6 13.Bxe6 fxe6 14.O-O Rc8 15.Qe2 Qe8
16.Bg5 Bd6 17.f4 cxd4 18.exd4 Ne4 19.Nxe4 dxe4 20.Rac1 Bd5 21.Qa6 h6 22.Bh4 Bxe5
23.dxe5 e3 24.Bg3 Qd7 25.Qe2 Qb7 26.Rfe1 Rxc1 27.Rxc1 Rc8 28.Rxc8+ Qxc8 29.Qxe3 Qc2
30.Bf2 Qxb2 31.h3 b5 32.Kh2 Qc2 33.Qg3 a5 34.Be1 b4 35.axb4 a4 36.Qf2 Qb1
37.f5 Qxf5 38.Qxf5 exf5 39.g3 Bc4 40.Bc3 a3 41.Kg1 g5 42.Kf2 Kf7 43.Ke3 Ke6
44.h4 gxh4 45.gxh4 a2 46.Kf4 Bb5 47.Ke3 Kd5 48.Ba1 Bd7 49.Kd3 Be6 50.Bd4 f4
51.Ba1 Bg4 52.b5 Kc5 53.e6 Kd6 54.Ke4 f3 55.Ke3 Kxe6 56.b6 Kd6 57.Bb2 Kc6
58.Bd4 Bh5 59.Kf2  1/2-1/2

[Event "Sevilla op"]
[Site "Sevilla"]
[Date "1999.??.??"]
[Round "6"]
[White "Yakovich, Yuri"]
[Black "Biedma, E."]
[Result "1/2-1/2"]
[WhiteElo "2560"]
[BlackElo "2195"]

1.d4 Nf6 2.c4 e6 3.Nf3 d5 4.Nc3 Be7 5.Bf4 O-O 6.e3 c6 7.h3 Nbd7 8.Qc2 Re8
9.Rd1 Bf8 10.Bd3 dxc4 11.Bxc4 Nd5 12.Bg3 Nxc3 13.bxc3 b6 14.O-O Bb7 15.e4 Qc8
16.Bd3 c5 17.Qe2 a6 18.a4 Bc6 19.Qc2 Qb7 20.Nd2 Rac8 21.Nc4 cxd4 22.cxd4 Qa8
23.Ra1 Bxa4 24.Qxa4 b5 25.Qxa6 Qxa6 26.Rxa6 bxc4 27.Bc2 Nb8 28.Rb6 Red8 29.d5 exd5
30.exd5 Bc5 31.Rb5 Bd6 32.Bf5 Rc5 33.Rxc5 Bxc5 34.Rd1 g6 35.Bc7 Re8 36.Bg4 h5
37.Bf3 Na6 38.Ba5 Bb4 39.Bb6 c3 40.Rc1 Rc8 41.Bd1 Bc5 42.Ba5 Bb4 43.Bb6 Bc5
44.Ba5 Bb4 45.Bb6  1/2-1/2

[Event "SVK-chT 9899"]
[Site "SVK"]
[Date "1999.??.??"]
[Round "11"]
[White "Dobrotka, Martin"]
[Black "Hacik, Radomir"]
[Result "0-1"]
[WhiteElo "2230"]
[BlackElo "2240"]

1.d4 d5 2.c4 e6 3.Nc3 Be7 4.Nf3 Nf6 5.Bf4 O-O 6.e3 c5 7.Rc1 cxd4 8.exd4 Nc6
9.cxd5 Nxd5 10.Nxd5 exd5 11.Be2 Qa5+ 12.Bd2 Qxa2 13.O-O Qxb2 14.Qa4 a6 15.Rc2 Qa3
16.Qxa3 Bxa3 17.Ra1 Bd6 18.Rb2 Rb8 19.Bd3 Bg4 20.Be3 f5 21.Ng5 f4 22.Nxh7 fxe3
23.Nxf8 exf2+ 24.Rxf2 Rxf8 25.Rxf8+ Kxf8 26.Rb1 b5 27.h3 Bc8 28.Bg6 Ke7 29.Rf1 Be6  0-1

[Event "SWE-chT 9899"]
[Site "Sweden"]
[Date "1999.??.??"]
[Round "11"]
[White "Agrest, Evgenij"]
[Black "Ekstroem, Roland"]
[Result "1/2-1/2"]
[WhiteElo "2636"]
[BlackElo "2560"]

1.c4 e6 2.Nc3 d5 3.d4 Be7 4.Nf3 Nf6 5.Bf4 O-O 6.e3 c5 7.dxc5 Bxc5 8.a3 Be7
9.cxd5 Nxd5 10.Nxd5 exd5 11.Bd3 Nc6 12.b4 Bg4 13.O-O Bf6 14.Rc1 Re8 15.Bb1 Ne5
16.Bxe5 Rxe5 17.h3 Bxf3 18.Qxf3 a5 19.b5 Rc8 20.Qg4 Rxc1 21.Rxc1 Re6 22.a4 g6
23.Ba2 Kg7 24.g3 Re4 25.Qd1 d4 26.Qd3 Re7 27.e4 Rc7 28.Bc4 Be7 29.Kg2 Bb4
30.Rc2 b6 31.f4 Qd6 32.Bd5 Rxc2+ 33.Qxc2 Qc5 34.Qxc5  1/2-1/2

[Event "SWZ-chT"]
[Site "SWZ"]
[Date "1999.??.??"]
[Round "2"]
[White "Barbero, Gerardo F"]
[Black "Schauwecker, Meinrad"]
[Result "1-0"]
[WhiteElo "2477"]
[BlackElo "2345"]

1.d4 e6 2.c4 d5 3.Nc3 Nf6 4.Nf3 Be7 5.Bf4 O-O 6.e3 c6 7.Bd3 Nh5 8.Bg3 g6
9.O-O Nxg3 10.hxg3 Nd7 11.a3 b6 12.Qe2 Bb7 13.Rfd1 Rc8 14.Rac1 Rc7 15.e4 dxc4
16.Bxc4 Qc8 17.Qe3 Ba6 18.Ba2 Re8 19.e5 Nf8 20.Ne4 Qd8 21.g4 f6 22.Qf4 g5
23.Qe3 h6 24.exf6 Bxf6 25.Ne5 Bb7 26.Nxf6+ Qxf6 27.Re1 Rd8 28.Rc3 Rd6 29.Bb1 Qd8
30.Be4 Rxd4 31.Bxc6 Rd1 32.Bxb7 Rxb7 33.Rxd1 Qxd1+ 34.Kh2 Qd6 35.Rc6 Qd5
36.Rc8 Qd6 37.Qe4 Rc7 38.Qg6+ Rg7 39.Qf6 Qe7 40.Qf3 Qd6 41.Qc3 Rh7 42.f3 h5
43.Kg1 hxg4 44.Nxg4 Qd1+ 45.Kf2 Rh1 46.Rc7 Rf1+ 47.Kg3 Qd6+ 48.Qe5 Qxe5+
49.Nxe5 Re1 50.Ng4 Ng6 51.Nf6+ Kf8 52.Rxa7 Re2 53.b4 Nf4 54.Nh7+ Ke8 55.Nxg5 e5
56.Kg4 Nxg2 57.Ne4 Ne1 58.Nd6+ Kd8 59.a4 Rg2+ 60.Kf5 Nxf3 61.b5 Re2 62.Ke6 Nd4+
63.Kd5 Nf3 64.Kc6 Nd4+ 65.Kxb6 e4 66.Kc5 Ne6+ 67.Kd5 Ng5 68.Rg7 Rd2+ 69.Kc6 Rc2+
70.Kb6 Ne6 71.Rg8+ Kd7 72.Nxe4 Rc4 73.Nf6+ Ke7 74.a5 Kxf6 75.a6 Nc7 76.a7 Ra4
77.Kxc7 Rxa7+ 78.Kb8 Ra1 79.b6 Ke7 80.b7  1-0

[Event "POL-ch U20"]
[Site "Trzbinia"]
[Date "1999.??.??"]
[Round "?"]
[White "Dziuba, Marcin"]
[Black "Jakubowski, Krzysztof"]
[Result "0-1"]
[WhiteElo "2310"]
[BlackElo "2291"]

1.d4 Nf6 2.c4 e6 3.Nf3 d5 4.Nc3 Be7 5.Bf4 c5 6.dxc5 Na6 7.cxd5 exd5 8.e3 Nxc5
9.Bb5+ Bd7 10.Bxd7+ Qxd7 11.Ne5 Qd8 12.b4 Ncd7 13.Qb3 a5 14.Nxd7 Qxd7 15.bxa5 O-O
16.O-O Rxa5 17.a4 Rc8 18.Rfd1 Rac5 19.Be5 Qf5 20.Bd4 Ng4 21.Ra2 Bd6 22.Bxc5 Bxh2+
23.Kf1 Rxc5 24.Nxd5 Bd6 25.Nf4 g5 26.Ne2 Qxf2+  0-1

[Event "JUG-chT (Women)"]
[Site "Vrnjacka Banja"]
[Date "1999.??.??"]
[Round "4"]
[White "Khurtsidze, Nino"]
[Black "Maric, Alisa"]
[Result "1-0"]
[WhiteElo "2472"]
[BlackElo "2489"]

1.d4 Nf6 2.c4 e6 3.Nf3 d5 4.Nc3 Be7 5.Bf4 O-O 6.e3 Nbd7 7.Qc2 c5 8.cxd5 Nxd5
9.Nxd5 exd5 10.Bd3 Qa5+ 11.Ke2 g6 12.Qc3 Qxc3 13.bxc3 c4 14.Bc2 Ba3 15.Rab1 a6
16.g4 b5 17.g5 Ra7 18.h4 Re8 19.Ne5 Nxe5 20.Bxe5 Bd7 21.h5 Bf8 22.hxg6 fxg6
23.Rh4 Bg7 24.Bg3 Rf8 25.f3 Bf5 26.e4 Be6 27.Rbh1 b4 28.Bd6 Rd8 29.Bxb4 a5
30.Ba3 Bf8 31.Bxf8 Rxf8 32.exd5 Bxd5 33.Be4 Bxe4 34.fxe4 Rb7 35.d5 a4 36.Ke3 a3
37.e5 Rf5 38.Ke4 Rxg5 39.e6 Kf8 40.Rxh7 Rxh7 41.Rxh7 Rg2 42.d6  1-0

[Event "JUG-chT"]
[Site "Vrnjacka Banja"]
[Date "1999.??.??"]
[Round "5"]
[White "Masic, Predrag"]
[Black "Vujosevic, Vladimir"]
[Result "0-1"]
[WhiteElo "2374"]
[BlackElo "2375"]

1.d4 Nf6 2.c4 e6 3.Nc3 d5 4.Nf3 Be7 5.Bf4 O-O 6.e3 Nbd7 7.Qc2 c5 8.dxc5 Nxc5
9.O-O-O Qa5 10.Kb1 Bd7 11.Ne5 Rac8 12.Qd2 Qb6 13.f3 Rfd8 14.cxd5 exd5 15.Nxd7 Rxd7
16.Be5 Ne6 17.Be2 a6 18.f4 Rcd8 19.f5 Nc5 20.Bd4 Qc6 21.Rc1 Nce4 22.Nxe4 Nxe4
23.Qa5 Qd6 24.Bf3 Bf6 25.Bb6 Qe5 26.Rc2 Re8 27.g4 h5 28.Rg1 Bd8 29.gxh5 Bxb6
30.Qxb6 Qxf5 31.Bg4 Qg5 32.h4 Qd8 33.Qd4 Rd6 34.Bd7 Rf6 35.Bxe8 Qxe8 36.Qxd5 Qe7
37.Qg5 Nxg5 38.hxg5  0-1

[Event "JUG-chT"]
[Site "Vrnjacka Banja"]
[Date "1999.??.??"]
[Round "8"]
[White "Scekic, Milos"]
[Black "Savanovic, Aleksandar"]
[Result "1/2-1/2"]
[WhiteElo "2452"]
[BlackElo "2421"]

1.d4 d5 2.c4 e6 3.Nc3 Nf6 4.Nf3 Be7 5.Bf4 O-O 6.e3 c5 7.dxc5 Nc6 8.cxd5 exd5
9.Be2 Bxc5 10.O-O Be6 11.Nb5 Ne4 12.Rc1 Rc8 13.a3 Qb6 14.b4 Be7 15.Nbd4 Nc3
16.Qd3 Nxd4 17.Nxd4 Nxe2+ 18.Qxe2 Bf6  1/2-1/2

[Event "Rilton Cup"]
[Site "Stockholm SWE"]
[Date "2000.01.05"]
[Round "9"]
[White "Agrest,E"]
[Black "Berg,E"]
[Result "1-0"]
[WhiteElo "2554"]
[BlackElo "2348"]

1.d4 e6 2.c4 d5 3.Nf3 Nf6 4.Nc3 Be7 5.Bf4 O-O 6.e3 c5 7.dxc5 Bxc5 8.a3 Nc6
9.Rc1 d4 10.exd4 Nxd4 11.Ne5 b6 12.b4 Be7 13.Bd3 Bb7 14.O-O a5 15.Be3 axb4
16.axb4 Nc6 17.Nxc6 Bxc6 18.b5 Bb7 19.Bc2 Qc7 20.Na4 Nd7 21.Qe2 Nc5 22.Nxc5 Bxc5
23.Rfd1 Rfd8 24.Bg5 Be7 25.Bxe7 Qxe7 26.Qe3 Qc7 27.Bd3 g6 28.Bf1 Ra2 29.h3 Raa8
30.Qg5 Rd7 31.Rxd7 Qxd7 32.Qe3 Qd6 33.Rc3 Rd8 34.Be2 Kf8 35.Ra3 h5 36.Qh6+ Ke7
37.Qg5+ Ke8 38.Qe3 Qd2 39.Qxd2 Rxd2 40.Bd3 Rd1+ 41.Kh2 Kd7 42.h4 e5 43.Be2 Rd2
44.Re3 Ke6 45.Kg3 Kd6 46.f3 f5 47.Kf2 Bc8 48.f4 e4 49.Rg3 Be6 50.Rxg6 Ra2
51.Rh6 Rb2 52.Ke3 Rb3+ 53.Kd2 Rg3 54.c5+ Kd5 55.cxb6 Rxg2 56.b7  1-0

[Event "6th Open"]
[Site "Bosnjaci CRO"]
[Date "2000.01.06"]
[Round "6"]
[White "Jankovic,A"]
[Black "Medic,Mir"]
[Result "1/2-1/2"]
[WhiteElo "2313"]
[BlackElo "2312"]

1.d4 Nf6 2.Nf3 e6 3.c4 d5 4.Nc3 Be7 5.Bf4 O-O 6.e3 c5 7.dxc5 Bxc5 8.Qc2 Nc6
9.a3 Qa5 10.Nd2 Be7 11.Bg3 Bd7 12.Nb3 Qb6 13.c5 Qd8 14.Nb5 e5 15.Nd6 Bxd6
16.cxd6 Be6 17.Nc5 Rb8 18.Nxb7 Rxb7 19.Qxc6 Rb6 20.Qc7 Qa8 21.Bxe5 Rc8 22.Qe7 Re8
23.Qc7 Rc8  1/2-1/2

[Event "V Ubeda Open"]
[Site "Ubeda ESP"]
[Date "2000.01.27"]
[Round "9"]
[White "Del Rio Angelis,S"]
[Black "Bykhovsky,An"]
[Result "1/2-1/2"]
[WhiteElo "2463"]
[BlackElo "2409"]

1.d4 d5 2.c4 e6 3.Nc3 Be7 4.Nf3 Nf6 5.Bf4 c5 6.e3 cxd4 7.Nxd4 O-O 8.Be2 dxc4
9.Bxc4 Nc6 10.Nxc6 bxc6 11.e4 Qb6 12.Qe2 Bb7 13.O-O c5 14.f3 Rfd8 15.a4 Bc6
16.Nb5 Ne8 17.a5 Qb7 18.a6 Qb6 19.Kh1 Nd6  1/2-1/2

[Event "Israeli League"]
[Site "Ramat Aviv ISR"]
[Date "2000.01.28"]
[Round "3"]
[White "Greenfeld,A"]
[Black "Zak,U"]
[Result "1-0"]
[WhiteElo "2563"]
[BlackElo "2341"]

1.d4 d5 2.c4 e6 3.Nc3 Be7 4.Nf3 Nf6 5.Bf4 dxc4 6.e4 Bb4 7.Bg5 c5 8.Bxc4 cxd4
9.Nxd4 Bxc3+ 10.bxc3 Nbd7 11.O-O O-O 12.Bxe6 fxe6 13.Nxe6 Qe7 14.Nxf8 Kxf8
15.Re1 Ne5 16.f4 Nf7 17.Bh4 Qc5+ 18.Qd4 b6 19.Qxc5+ bxc5 20.e5 Nd5 21.e6 g5
22.Bf2 Nh6 23.Rad1 Bb7 24.Bxc5+ Ke8 25.c4 Nb6 26.fxg5 Nf5 27.Rf1 Be4 28.Rf4  1-0

[Event "Bundesliga 1999-2000"]
[Site "Passau GER"]
[Date "2000.01.29"]
[Round "8"]
[White "Kalinitschew,S"]
[Black "Klundt,K"]
[Result "1/2-1/2"]
[WhiteElo "2504"]
[BlackElo "2398"]

1.d4 Nf6 2.c4 e6 3.Nf3 d5 4.Nc3 Be7 5.Bf4 a6 6.e3 dxc4 7.Bxc4 b5 8.Bd3 Bb7
9.O-O Nbd7 10.Qe2 c5 11.dxc5 Nxc5 12.Bc2 O-O 13.Rfd1 Qb6 14.Bg5 b4 15.Nb1 a5
16.Nbd2 Ba6 17.Nc4 Qb5 18.b3 Rfc8 19.Nfe5 Nce4 20.Bxf6 Nxf6 21.Qf3 Bb7 22.Qf4 Rd8
23.e4 Qe8 24.Bd3 Rd4 25.Nf3 Rdd8 26.Rac1 Nd7 27.Nd6 Bxd6 28.Qxd6 Nf6 29.Qe5 Rdc8
30.h3 h6 31.Nd4 Nd7 32.Qd6 Nf6 33.Qe5 Nd7 34.Qd6  1/2-1/2

[Event "Bundesliga 1999-2000"]
[Site "Solingen GER"]
[Date "2000.01.29"]
[Round "8"]
[White "Epishin,V"]
[Black "Nielsen,PH"]
[Result "1/2-1/2"]
[WhiteElo "2667"]
[BlackElo "2564"]

1.d4 Nf6 2.c4 e6 3.Nf3 d5 4.Nc3 Be7 5.Bf4 O-O 6.e3 c5 7.dxc5 Bxc5 8.cxd5 Nxd5
9.Nxd5 exd5 10.a3 Nc6 11.Bd3 Bb6 12.O-O Bg4 13.h3 Bh5 14.b4 Re8 15.g4 Bg6
16.Bxg6 hxg6 17.Qd3 d4 18.e4 Bc7 19.Bd2 Qf6 20.Rad1 Bf4 21.Bxf4 Qxf4 22.b5 Ne5
23.Nxe5 Rxe5 24.Qxd4 Rxb5  1/2-1/2

[Event "5th HIT Open"]
[Site "Nova Gorica SLO"]
[Date "2000.02.06"]
[Round "6"]
[White "Timoscenko,G"]
[Black "Stern,R"]
[Result "1/2-1/2"]
[WhiteElo "2519"]
[BlackElo "2479"]

1.d4 d5 2.c4 e6 3.Nf3 Nf6 4.Nc3 Be7 5.Bf4 O-O 6.e3 c5 7.dxc5 Bxc5 8.Qc2 Nc6
9.a3 Qa5 10.O-O-O Be7 11.g4 dxc4 12.Bxc4 e5 13.g5 exf4 14.gxf6 Bxf6 15.Nd5 Ne7
16.Nxf6+ gxf6 17.Rhg1+ Kh8 18.Qe4 Ng6 19.Qd4 Qb6 20.Qxb6 axb6 21.Rd6 Bh3
22.Kb1 fxe3 23.fxe3 Rae8 24.Rxf6 Kg7 25.Rxb6 Rxe3 26.Rg3 Bc8 27.Ng5 Rxg3
28.hxg3 h6 29.Nf3 f5  1/2-1/2

[Event "Bundesliga 2007-8"]
[Site "Godesberg GER"]
[Date "2000.02.08"]
[Round "7"]
[White "Kveinys,A"]
[Black "Goloshchapov,A"]
[Result "0-1"]
[WhiteElo "2521"]
[BlackElo "2563"]

1.c4 e6 2.Nc3 d5 3.d4 Be7 4.Nf3 Nf6 5.Bf4 O-O 6.e3 Nbd7 7.cxd5 Nxd5 8.Bg3 c5
9.Bd3 cxd4 10.Nxd5 exd5 11.Nxd4 Qa5+ 12.Kf1 Nc5 13.Nb3 Nxb3 14.axb3 Qb6 15.Qc2 h6
16.Be5 Bf6 17.Bxf6 Qxf6 18.Qc3 Qb6 19.b4 Bd7 20.Ra5 Rac8 21.Qd2 a6 22.Ke2 d4
23.e4 Bb5 24.Bxb5 axb5 25.Rd1 Rfd8 26.Kf1 d3 27.Qe3 Qxe3 28.fxe3 Rc2 29.Rxb5 Rxb2
30.Rd5 Rc8 31.Rc5 Ra8 32.Ra5 Rc8 33.Rc5 Ra8 34.Ra5 Re8 35.e5 b6 36.Rd5 Rc8
37.Rd4 h5 38.h4 Rcc2 39.Rf4 Kf8 40.Rf3 Ke7 41.Rg3 g6 42.Kg1 d2 43.Kf2 Rc1
44.Ke2 Rxd1 45.Kxd1 Rxb4 46.Rh3 Rg4 47.Kxd2 Rxg2+ 48.Kd3 Rb2 49.Rf3 Rb4 50.Rf6 Rxh4
51.Rxb6 Rg4 52.Rb8 h4 53.Rh8 g5 54.Rh6 Kf8 55.e6 fxe6 56.Rxe6 h3 57.Rf6+ Kg7
58.Rf1 Rg2 59.Ke4 h2  0-1

[Event "Petroff Mem Open"]
[Site "St Petersburg RUS"]
[Date "2000.02.10"]
[Round "4"]
[White "Sambuev,B"]
[Black "Lugovoi,A"]
[Result "0-1"]
[WhiteElo "2385"]
[BlackElo "2515"]

1.Nf3 Nf6 2.c4 e6 3.Nc3 d5 4.d4 Be7 5.Bf4 O-O 6.e3 c5 7.dxc5 Nc6 8.a3 Bxc5
9.Qc2 Qa5 10.O-O-O Be7 11.g4 Rd8 12.Nd2 dxc4 13.Bxc4 a6 14.Nb3 Qb6 15.Rhg1 Rxd1+
16.Qxd1 Na5 17.Nxa5 Qxa5 18.g5 Nd7 19.Ne4 b5 20.Nf6+ Nxf6 21.gxf6 Bxf6 22.Qf3 Bb7
23.Qxb7 Rd8 24.Rd1 bxc4 25.Rxd8+ Bxd8 26.Qc8 g5 27.Bg3 Qe1+ 28.Kc2 Qe2+ 29.Kc1 Qf1+
30.Kc2 Qd3+ 31.Kc1 Kg7 32.Be5+ Bf6 33.Bxf6+ Kxf6 34.Qxa6 Qf1+ 35.Kc2 Qxf2+
36.Kb1 c3 37.bxc3 Qg1+ 38.Kb2 Qxh2+ 39.Kb3 Qb8+ 40.Kc2 g4 41.Qc6 Qe5 42.Qh1 h5
43.e4 Kg5 44.a4 h4 45.a5 Qxa5 46.Qc1+ Kg6 47.Qf4 Qg5 48.Qb8 Kg7  0-1

[Event "Petroff Mem Open"]
[Site "St Petersburg RUS"]
[Date "2000.02.13"]
[Round "6"]
[White "Lunev,A"]
[Black "Najer,E"]
[Result "0-1"]
[WhiteElo "2491"]
[BlackElo "2572"]

1.Nf3 d5 2.d4 Nf6 3.c4 e6 4.Nc3 Be7 5.Bf4 O-O 6.e3 c5 7.dxc5 Bxc5 8.a3 Nc6
9.Qc2 Qa5 10.Nd2 Be7 11.O-O-O Bd7 12.Kb1 Rfc8 13.Be2 Qd8 14.cxd5 Nxd5 15.Nxd5 exd5
16.Qd3 g6 17.g4 b5 18.Nb3 b4 19.a4 Na5 20.Qxd5 Nxb3 21.Qxd7 Rc1+ 22.Ka2 Rxd1
23.Qxd1 Nd2 24.e4 b3+ 25.Ka1 Qa5 26.Bb5 Rd8 27.Bxd2 Rxd2 28.Qxb3 Bf6 29.Rb1 Rxf2
30.h3 Qd2 31.Ka2 Qd4 32.Bc6 Kg7 33.Bd5 Be5 34.h4 Rf6 35.Rd1 Qf2 36.h5 Rb6  0-1

[Event "It"]
[Site "Ptuj SLO"]
[Date "2000.02.16"]
[Round "6"]
[White "Mikhalchishin,A"]
[Black "Krumpacnik,D"]
[Result "1-0"]
[WhiteElo "2552"]
[BlackElo "2384"]

1.Nf3 Nf6 2.c4 e6 3.Nc3 d5 4.d4 Be7 5.Bf4 O-O 6.e3 Na6 7.c5 Ne4 8.Bxa6 bxa6
9.O-O Bd7 10.Qc2 Nxc3 11.Qxc3 c6 12.Qa3 Qc8 13.Ne5 Be8 14.Nd3 f6 15.Nb4 e5
16.Bg3 Rb8 17.Nxa6 Rb5 18.b4 e4 19.Nc7 Rb7 20.Nxe8 Rxe8 21.Rab1 Bd8 22.Qa6 Re6
23.Bd6 Be7 24.Bxe7 Rexe7 25.b5 Rec7 26.bxc6 Rb8 27.Qxc8+ Rbxc8 28.Rb7 Rxc6
29.Rfb1 Ra6 30.Rd7 Rxa2 31.h4 Kh8 32.Rbb7 Rg8 33.h5  1-0

[Event "Portuguese Masters"]
[Site "Viseu POR"]
[Date "2000.02.16"]
[Round "5"]
[White "Damaso,R"]
[Black "Ferreira,N"]
[Result "0-1"]
[WhiteElo "2425"]
[BlackElo "2208"]

1.d4 d5 2.c4 e6 3.Nc3 Nf6 4.Nf3 Be7 5.Bf4 dxc4 6.e4 a6 7.a4 Bb4 8.Bxc4 Nxe4
9.O-O Nxc3 10.bxc3 Bd6 11.Ne5 O-O 12.Qg4 Nd7 13.Bg5 Nf6 14.Qh4 h6 15.Bxh6 gxh6
16.Qxh6 Ne4 17.Rae1 Qg5 18.Qh3 f5 19.f3 Nf6 20.f4 Qh5 21.Qd3 Bxe5 22.fxe5 Ng4
23.h3 Nh6 24.Rf4 Bd7 25.d5 Rae8 26.Re3 Kh8 27.Qd4 Rg8 28.Rh4 Qg5 29.Kf1 b5
30.Be2 f4 31.Rxf4 Qxf4+ 32.Qxf4 Rgf8 33.Qf6+ Rxf6+ 34.exf6 exd5 35.Rxe8+ Bxe8
36.a5 Ng8 37.Bg4 c5 38.Bc8 Nxf6 39.Bxa6 Bc6 40.Bc8 Ne4 41.a6 Nd6 42.Be6 Kg7
43.a7 b4 44.cxb4 cxb4 45.Bd7 Bb7 46.Ke2 Nc4 47.Bc8 Ba8 48.Kd3 Ne5+ 49.Kc2 Nc6
50.Kb3 Nxa7 51.Bd7 Nc6 52.Bxc6 Bxc6 53.Kxb4 Kf6 54.g4 Bd7  0-1

[Event "8th Valle d'Aosta Open"]
[Site "Saint Vincent ITA"]
[Date "2000.02.17"]
[Round "6"]
[White "Vera,R"]
[Black "Dervishi,E"]
[Result "1/2-1/2"]
[WhiteElo "2546"]
[BlackElo "2478"]

1.d4 Nf6 2.c4 e6 3.Nc3 d5 4.Nf3 Be7 5.Bf4 O-O 6.e3 c5 7.dxc5 Bxc5 8.a3 Nc6
9.Rc1 dxc4 10.Bxc4 Qxd1+ 11.Kxd1 a6 12.Ke2 Be7 13.Na4 Nd7 14.Ba2 b5 15.Rxc6 bxa4
16.Rd1 Nf6 17.Ne5 Nh5 18.Rc7 Bf6 19.h3 Nxf4+ 20.exf4 a5 21.Rd2 Bd8 22.Rc3 g6
23.g3 Ba6+ 24.Bc4 Bf6 25.Bxa6 Rxa6 26.Rc4 Bxe5 27.fxe5 Rb6 28.Kd1 Rb5 29.Re2 Rd8+
30.Kc2 Rdd5 31.Rxa4 Rxe5 32.Rxe5 Rxe5 33.b4 axb4 34.axb4 Kf8 35.Kb3 Ke8 36.Ra8+ Kd7
37.Ra7+ Ke8 38.Rc7 h5 39.Rc2 f5 40.Ka4 h4 41.b5 hxg3 42.fxg3 Re1 43.b6 Rb1
44.Ka5 Kd7 45.Ka6 e5 46.Rc7+ Kd6 47.Rg7 e4 48.Rxg6+ Kd7 49.Rg7+ Kd6 50.Rg8 e3
51.Re8 Kc5 52.Re5+ Kd4 53.Re6 Kd3 54.b7 e2 55.h4 Ra1+ 56.Kb6 Rb1+ 57.Ka7 Ra1+
58.Kb6 Rb1+ 59.Kc7 Rc1+ 60.Kd7 Rb1 61.Kc8 Rc1+ 62.Kd8 Rb1  1/2-1/2

[Event "Bundesliga 1999-2000"]
[Site "Porz GER"]
[Date "2000.02.19"]
[Round "10"]
[White "Schlosser,P"]
[Black "Lutz,C"]
[Result "1-0"]
[WhiteElo "2505"]
[BlackElo "2587"]

1.Nf3 d5 2.d4 Nf6 3.c4 e6 4.Nc3 Be7 5.Bf4 O-O 6.e3 c5 7.dxc5 Bxc5 8.cxd5 Nxd5
9.Nxd5 exd5 10.a3 Nc6 11.Bd3 Bb6 12.O-O d4 13.e4 Bg4 14.h3 Bh5 15.Rc1 Re8
16.Re1 f6 17.Bc4+ Kh8 18.Bd5 Qd7 19.b4 Ne7 20.Bc4 Ng6 21.Bg3 Rad8 22.Qd3 a6
23.Nd2 Ne5 24.Bxe5 Rxe5 25.Bd5 Bg6 26.Qb3 Ba7 27.Nf3 Re7 28.Rcd1 f5 29.exf5 Rxe1+
30.Rxe1 Qxd5 31.Qxd5 Rxd5 32.fxg6 Rd8 33.Ng5 Rc8 34.gxh7 d3 35.Rd1 Rf8 36.Nf3 Rd8
37.Ne5 Kxh7 38.Rxd3 Rc8 39.g3 Rc2 40.Ng4 Ra2 41.Kg2 Bb6 42.h4 a5 43.Rd6 Ba7
44.bxa5 Rxa3 45.Rd7 Rxa5 46.Rxb7 Ra2 47.h5 Kh8 48.Rf7 Bd4 49.Rf4 Bc5 50.Kh3 Kh7
51.Rf5 Bd4 52.f4 Ra3 53.Rd5 Bb6 54.h6 Ba5 55.Rd7 Bc3 56.f5 Kh8 57.hxg7+ Bxg7
58.Rd8+ Kh7 59.f6  1-0

[Event "Bundesliga 1999-2000"]
[Site "Wattenschied GER"]
[Date "2000.02.19"]
[Round "10"]
[White "Dautov,R"]
[Black "Nielsen,PH"]
[Result "1-0"]
[WhiteElo "2602"]
[BlackElo "2564"]

1.d4 Nf6 2.c4 e6 3.Nf3 d5 4.Nc3 Be7 5.Bf4 O-O 6.e3 c5 7.dxc5 Bxc5 8.cxd5 Nxd5
9.Nxd5 exd5 10.a3 Nc6 11.Bd3 Bb6 12.O-O Bg4 13.h3 Bh5 14.b4 Re8 15.Rc1 d4
16.g4 Bg6 17.Bxg6 hxg6 18.b5 dxe3 19.bxc6 e2 20.Qxd8 exf1=Q+ 21.Kxf1 Raxd8
22.cxb7 a6 23.Nd2 g5 24.Nc4 Ba7 25.Bg3 Rd5 26.Nb6 Bxb6 27.Rc8 Rdd8 28.b8=Q Rxc8
29.Qxb6 Re6 30.Qa5 Rg6 31.a4 Rcc6 32.Qd8+ Kh7 33.Qe8 Rgf6 34.Qe5 Rg6 35.a5 Rce6
36.Qf5 Kg8 37.Bc7 Rc6 38.Qd7 Rgf6 39.Bb6 Kh7 40.Qd3+ Kg8 41.Qxa6 Rfe6 42.Kg2 f6
43.Qb5 Kh8 44.Be3 Kg8 45.Kg3 Kh8 46.h4 gxh4+ 47.Kxh4 Kg8 48.Bc5  1-0

[Event "Bundesliga 1999-2000"]
[Site "Porz GER"]
[Date "2000.02.20"]
[Round "11"]
[White "Klebel,M"]
[Black "Zude,A"]
[Result "1/2-1/2"]
[WhiteElo "2402"]
[BlackElo "2371"]

1.d4 Nf6 2.c4 e6 3.Nf3 d5 4.Nc3 Be7 5.Bf4 O-O 6.e3 c5 7.dxc5 Bxc5 8.Qc2 Nc6
9.a3 Qa5 10.Nd2 Be7 11.Bg3 Bd7 12.Be2 Rac8 13.O-O Qb6 14.cxd5 exd5 15.Rfd1 Be6
16.Qb3 d4 17.Qxb6 axb6 18.exd4 Nxd4 19.Bd3 Rfd8  1/2-1/2